Vista normal
Vista MARC
Entrada Materia (personas)
Número de registros utilizados en: 1
001 - CONTROL NUMBER
- control field: 61421
003 - CONTROL NUMBER IDENTIFIER
- control field: Co-BoUCM
005 - DATE AND TIME OF LATEST TRANSACTION
- control field: 20140521091107.0
008 - FIXED-LENGTH DATA ELEMENTS
- fixed length control field: 140521|| aca||aabn | a|a d
040 ## - CATALOGING SOURCE
- Original cataloging agency: Co-BoUCM
- Transcribing agency: Co-BoUCM
100 ## - HEADING--PERSONAL NAME
- Personal name: Fleury, Claude,
- Dates associated with a name: 1640-1723
670 ## - SOURCE DATA FOUND
- Source citation: Work cat.: (Co-BoUCM)70816: Fleury, Claude, 1640-1723 , Observations theologiques, historiques, critiques &c, sur l'histoire ecclesiastique, 1736-1737